|
|
|
|
| LEADER |
01316nam a2200373Ia 4500 |
| 001 |
EBC838141 |
| 003 |
MiAaPQ |
| 005 |
20200520144314.0 |
| 006 |
m o d | |
| 007 |
cr cn||||||||| |
| 008 |
111228s2012 enk s 001 0 eng d |
| 010 |
|
|
|z 2011052066
|
| 020 |
|
|
|z 9780749465179
|
| 020 |
|
|
|z 9780749465186
|
| 035 |
|
|
|a (MiAaPQ)EBC838141
|
| 035 |
|
|
|a (Au-PeEL)EBL838141
|
| 035 |
|
|
|a (CaPaEBR)ebr10547171
|
| 035 |
|
|
|a (CaONFJC)MIL359022
|
| 035 |
|
|
|a (OCoLC)782877232
|
| 040 |
|
|
|a MiAaPQ
|c MiAaPQ
|d MiAaPQ
|
| 050 |
|
4 |
|a HD57.7
|b .N487 2012
|
| 082 |
0 |
4 |
|a 658.15
|2 23
|
| 245 |
0 |
4 |
|a The new CFOs
|h [electronic resource] :
|b how financial teams and their leaders can revolutionize modern business /
|c Liz Mellon ... [et al.].
|
| 260 |
|
|
|a London ;
|a Philadelphia, PA :
|b Kogan Page,
|c 2012.
|
| 300 |
|
|
|a xvi, 180 p.
|
| 500 |
|
|
|a Includes index.
|
| 533 |
|
|
|a Electronic reproduction. Ann Arbor, MI : ProQuest, 2015. Available via World Wide Web. Access may be limited to ProQuest affiliated libraries.
|
| 650 |
|
0 |
|a Leadership.
|
| 650 |
|
0 |
|a Risk management.
|
| 650 |
|
0 |
|a Financial management.
|
| 655 |
|
4 |
|a Electronic books.
|
| 700 |
1 |
|
|a Mellon, Elizabeth.
|
| 710 |
2 |
|
|a ProQuest (Firm)
|
| 856 |
4 |
0 |
|u https://ebookcentral.proquest.com/lib/matrademy/detail.action?docID=838141
|z Click to View
|